LEADER 02326nas 2200769- 450 001 9910145557903321 005 20241204162105.0 011 $a1367-4811 035 $a(OCoLC)39184474 035 $a(CKB)954925620164 035 $a(CONSER)---00238384- 035 $a(DE-599)ZDB1468345-3 035 $a(EXLCZ)99954925620164 100 $a19980527a19989999 s-- - 101 0 $aeng 135 $aurmnu|||||||| 181 $ctxt$2rdacontent 182 $cc$2rdamedia 183 $acr$2rdacarrier 200 10$aBioinformatics 210 1$aOxford :$cOxford University Press,$d1998- 215 $a1 online resource (volumes) 300 $aRefereed/Peer-reviewed 311 08$a1367-4803 517 3 $aBioinformatics online 531 $aBIOINFORMAT 531 $aBIOINFORMATICS OXFORD 531 $aLECT NOTES COMPUT SC 531 $aMETHOD BIOCHEM ANAL 531 $aBIOINFORMATICS (OXF) 531 $aBIOINFORMATICS 531 0 $aBioinformatics 606 $aBioinformatics$vPeriodicals 606 $aLife sciences$xData processing$vPeriodicals 606 $aGenomes$xData processing$vPeriodicals 606 $aComputational Biology 606 $aGenome 606 $aSciences de la vie$xInformatique$vPériodiques 606 $aGénomes$xInformatique$vPériodiques 606 $aBio-informatique 606 $aGénomes 606 $aGenomes$xData processing$2fast$3(OCoLC)fst00940226 606 $aLife sciences$xData processing$2fast$3(OCoLC)fst00998329 606 $aBiologie$2gtt 606 $aInformatietechnologie$2gtt 608 $aPeriodical. 608 $aPeriodicals.$2fast 608 $aPeriodicals.$2lcgft 615 0$aBioinformatics 615 0$aLife sciences$xData processing 615 0$aGenomes$xData processing 615 2$aComputational Biology. 615 2$aGenome. 615 6$aSciences de la vie$xInformatique 615 6$aGénomes$xInformatique 615 6$aBio-informatique. 615 6$aGénomes. 615 7$aGenomes$xData processing. 615 7$aLife sciences$xData processing. 615 7$aBiologie. 615 7$aInformatietechnologie. 676 $a570.285 712 02$aOxford University Press, 906 $aJOURNAL 912 $a9910145557903321 996 $aBioinformatics$9377951 997 $aUNINA LEADER 01573nas 2200565-a 450 001 9910132127403321 005 20260218113036.0 035 $a(CKB)110978979118033 035 $a(CONSER)sn-89036043- 035 $a(DE-599)ZDB2110384-7 035 $a(DE-599)2110384-7 035 $a(EXLCZ)99110978979118033 100 $a19890128a19879999 --- a 101 0 $aeng 181 $ctxt$2rdacontent 182 $cc$2rdamedia 183 $acr$2rdacarrier 200 04$aThe Canadian journal of diagnosis 210 $a[Pointe Claire, Quebec] $c[STA Communications]$d[1987]- 215 $a1 online resource 300 $aTitle from cover. 300 $aRefereed/Peer-reviewed 311 08$a0839-1866 517 1 $aDiagnosis 531 $aCANADIAN JOURNAL OF DIAGNOSIS 531 0 $aCan. j. diagn. 606 $aDiagnosis$vPeriodicals 606 $aDiagnosis 606 $aDiagnosis 606 $aDiagnostics$xP?iodiques 606 $aDiagnostics$vPériodiques 606 $aDiagnostics 606 $adiagnosis$2aat 606 $aDiagnosis$2fast$3(OCoLC)fst00892273 608 $aPeriodical. 608 $aPeriodicals.$2fast 615 0$aDiagnosis 615 0$aDiagnosis. 615 2$aDiagnosis. 615 6$aDiagnostics$xP?iodiques. 615 6$aDiagnostics 615 6$aDiagnostics. 615 7$adiagnosis. 615 7$aDiagnosis. 676 $a616.07/5/05/ 906 $aJOURNAL 912 $a9910132127403321 920 $aexl_impl conversion 996 $aThe Canadian journal of diagnosis$92098054 997 $aUNINA